| 000 | 00719cam a2200229 4500500 | ||
|---|---|---|---|
| 005 | 20260405002227.0 | ||
| 041 | _afre | ||
| 042 | _adc | ||
| 100 | 1 | 0 |
_aNassif, Philippe _eauthor |
| 245 | 0 | 0 | _aSouleymane Bachir Diagne: “La philosophie n’a ni commencement ni terre d’élection” |
| 260 | _c2016. | ||
| 500 | _a32 | ||
| 690 | _aAfrique | ||
| 690 | _aEurope | ||
| 690 | _aHenri Bergson | ||
| 690 | _aMohamed Iqbal | ||
| 690 | _aphilo | ||
| 690 | _aphilosophie | ||
| 690 | _aSouleymane Bachir Diagne | ||
| 786 | 0 | _nPhilosophie magazine | 100 | 6 | 2016-06-01 | p. 28-29 | 1951-1787 | |
| 856 | 4 | 1 | _uhttps://shs.cairn.info/magazine-philosophie-magazine-2016-6-page-28?lang=fr&redirect-ssocas=7080 |
| 999 |
_c2055595 _d2055595 |
||